Movies Quiz

Random Movies or Disney Quiz

Disney Movie Object Match Quiz Stats

Quiz Updated Mar 19, 2016

Challenge
Share
Tweet
Score 0/20 Timer 02:00
15 Plays Today
% Correct
Aladdin
96.2%
Alice in Wonderland
93.6%
The Many Adventures of Winnie the Pooh
92.7%
Snow White and the Seven Dwarfs
92.6%
Up
91.6%
Beauty and the Beast
91.2%
Peter Pan
89.6%
Cinderella
86.1%
Brave
83.5%
The Hunchback of Notre Dame
83.2%
% Correct
Tarzan
82.3%
Monsters, Inc.
81.3%
The Little Mermaid
77.5%
Toy Story
76.7%
Sleeping Beauty
75.8%
Lilo and Stitch
70.2%
Tangled
65.8%
Dumbo
63.4%
Fun & Fancy Free
49.9%
Bolt
46%

You're not logged in!

Compare scores with friends on all Sporcle quizzes.
Sign Up with Email
OR
Log In

You Might Also Like...

Show Comments

Extras

Top Quizzes Today


Score Distribution

Your Account Isn't Verified!

In order to create a playlist on Sporcle, you need to verify the email address you used during registration. Go to your Sporcle Settings to finish the process.